[Event "Espalion op 1st"]
[Site "Espalion"]
[Date "2016.07.15"]
[Round "8"]
[White "Ausseil, Pascal"]
[Black "Rollot, Priscillia"]
[Result "1-0"]
[WhiteElo "1399"]
[BlackElo "1210"]
[PlyCount "111"]
[EventDate "2016.07.09"]
[EventType "swiss"]
[EventRounds "9"]
[EventCountry "FRA"]
[SourceTitle "CBM 173 Extra"]
[Source "ChessBase"]
[SourceDate "2016.08.29"]
[SourceVersion "1"]
[SourceVersionDate "2016.08.29"]
[SourceQuality "1"]

1. e4 e5 2. Nf3 Nc6 3. Bc4 Nf6 4. Nc3 Bc5 5. 0-0 d6 6. h3 Bd7 7. Ng5 0-0 8. d3 a6 9. Nd5 b5 10. Bb3 Nd4 11. Nxf6+ Qxf6 12. Qh5 h6 13. Bxf7+ Rxf7 14. Qxf7+ Qxf7 15. Nxf7 Kxf7 16. c3 Ne2+ 17. Kh2 Nxc1 18. Raxc1 Be6 19. Rce1 Bxa2 20. f4 exf4 21. Rxf4+ Kg8 22. d4 Bb6 23. e5 dxe5 24. Rxe5 c6 25. Re7 Rc8 26. Rb7 Bc7 27. g3 Bxf4 28. gxf4 Rf8 29. Kg3 Bd5 30. Ra7 Rb8 31. b4 Rb6 32. f5 Be4 33. Kf4 Bg2 34. h4 g5+ 35. fxg6 Kh8 36. g7+ Kg8 37. Kf5 Bh3+ 38. Kf6 c5+ 39. Ke5 Rg6 40. dxc5 Rxg7 41. Rxg7+ Kxg7 42. c6 Kg6 43. Kd5 Kh5 44. Kc5 Kxh4 45. Kb6 Kg3 46. Kxa6 Kf3 47. Kxb5 Ke3 48. c7 Kd3 49. Kc5 Kxc3 50. b5 Bc8 51. Kc6 h5 52. b6 h4 53. b7 Bxb7+ 54. Kxb7 h3 55. c8Q+ Kd3 56. Qxh3+ 1-0

[Event "Espalion op 1st"]
[Site "Espalion"]
[Date "2016.07.13"]
[Round "6"]
[White "Ausseil, Pascal"]
[Black "Herrero, Alain"]
[Result "0-1"]
[WhiteElo "1399"]
[BlackElo "1676"]
[PlyCount "94"]
[EventDate "2016.07.09"]
[EventType "swiss"]
[EventRounds "9"]
[EventCountry "FRA"]
[SourceTitle "CBM 173 Extra"]
[Source "ChessBase"]
[SourceDate "2016.08.29"]
[SourceVersion "1"]
[SourceVersionDate "2016.08.29"]
[SourceQuality "1"]

1. e4 c5 2. Nf3 Nc6 3. Bc4 g6 4. d4 cxd4 5. Nxd4 Bg7 6. c3 Nf6 7. Nd2 0-0 8. e5 Nxe5 9. f4 Nxc4 10. Nxc4 d5 11. Ne3 Re8 12. g4 e5 13. fxe5 Rxe5 14. Nf3 Bxg4 15. Nxe5 Bxd1 16. Kxd1 d4 17. Ke2 dxe3 18. Rd1 Qc7 19. Nf3 Qc4+ 20. Rd3 Ng4 21. b3 Qb5 22. Ba3 Qc6 23. Rad1 h6 24. c4 Re8 25. Rd8 Rxd8 26. Rxd8+ Kh7 27. Rd6 Qe4 28. Rd3 Nxh2 29. Nxh2 Qg2+ 30. Kxe3 Qxh2 31. Rd7 Qg1+ 32. Ke2 Qg4+ 33. Kd2 Qxd7+ 34. Kc2 Qd4 35. c5 Qc3+ 36. Kd1 Qd3+ 37. Kc1 Bc3 38. c6 Qd2+ 39. Kb1 Qd1+ 40. Bc1 Bd2 41. a4 Qxc1+ 42. Ka2 Qc2+ 43. Ka3 bxc6 44. b4 Qb1 45. a5 Qxb4+ 46. Ka2 Bc3 47. a6 Qb2# 0-1

[Event "Espalion op 1st"]
[Site "Espalion"]
[Date "2016.07.12"]
[Round "5"]
[White "Antos, Claude"]
[Black "Ausseil, Pascal"]
[Result "0-1"]
[WhiteElo "1050"]
[BlackElo "1399"]
[PlyCount "54"]
[EventDate "2016.07.09"]
[EventType "swiss"]
[EventRounds "9"]
[EventCountry "FRA"]
[SourceTitle "CBM 173 Extra"]
[Source "ChessBase"]
[SourceDate "2016.08.29"]
[SourceVersion "1"]
[SourceVersionDate "2016.08.29"]
[SourceQuality "1"]

1. e4 e5 2. Bc4 Nf6 3. Nf3 Nc6 4. d3 Bb4+ 5. Bd2 d5 6. Bxd5 Nxd5 7. exd5 Qxd5 8. Ng5 Qxg2 9. Qh5 Qxh1+ 10. Ke2 Bg4+ 11. Qxg4 Nd4+ 12. Ke3 Nxc2+ 13. Ke2 Bxd2 14. Qa4+ Qc6 15. Qb3 0-0-0 16. Nxf7 Nd4+ 17. Kxd2 Nxb3+ 18. Ke3 Nxa1 19. Nd2 Nc2+ 20. Ke2 Qf6 21. Nxd8 Rxd8 22. Ne4 Nd4+ 23. Ke1 Qg6 24. h4 Qg1+ 25. Kd2 Rf8 26. Ng5 Rxf2+ 27. Ke3 Re2# 0-1

[Event "Espalion op 1st"]
[Site "Espalion"]
[Date "2016.07.11"]
[Round "4"]
[White "Ausseil, Pascal"]
[Black "Griggio, Jean Paul"]
[Result "0-1"]
[WhiteElo "1399"]
[BlackElo "1736"]
[PlyCount "90"]
[EventDate "2016.07.09"]
[EventType "swiss"]
[EventRounds "9"]
[EventCountry "FRA"]
[SourceTitle "CBM 173 Extra"]
[Source "ChessBase"]
[SourceDate "2016.08.29"]
[SourceVersion "1"]
[SourceVersionDate "2016.08.29"]
[SourceQuality "1"]

1. e4 e5 2. Nf3 Nc6 3. Bc4 Be7 4. d4 exd4 5. Nxd4 d6 6. Bf4 Nf6 7. Nc3 0-0 8. Qd2 a6 9. 0-0-0 Na5 10. Qd3 c5 11. Nf5 Bxf5 12. exf5 Nxc4 13. Qxc4 b5 14. Qe2 d5 15. Be5 d4 16. Ne4 Nxe4 17. Qxe4 Bf6 18. h4 Qb6 19. g4 Bxe5 20. Qxe5 Rfe8 21. Qf4 Rad8 22. h5 Qd6 23. Qf3 c4 24. g5 Qd5 25. Qh3 Re2 26. Rhe1 Rde8 27. f6 Rxe1 28. Rxe1 Rxe1+ 29. Kd2 Qe6 30. Qxe6 Rxe6 31. fxg7 Kxg7 32. f4 Re3 33. c3 dxc3+ 34. bxc3 Rh3 35. h6+ Kg6 36. a3 Kf5 37. g6 fxg6 38. Kc2 Kxf4 39. Kb2 Rxh6 40. Kb1 Rh2 41. Ka1 Ke4 42. Kb1 Kd3 43. a4 Kxc3 44. a5 Rg2 45. Kc1 Rg1# 0-1